Responses for show #468 - Wednesday, September 24, 1986

Contestants

Pat Van Hartesveldt, a music contract administrator originally from New York

Don Tracy, a lawyer originally from Philadelphia, Pennsylvania

Heidi Yorkshire, a freelance writer from Beverly Hills, California (whose 1-day cash winnings total $8,900)

[next game >>]

Jeopardy! Round responses

U.S. HISTORY
UNDERWEAR
FLOWERS
COMPARISONS
PHONE NUMBERS
HAVE A "HEART"
    $100 3
Mississippi River

Don
    $100 9
(Don: What is Trashy Lingerie?)
---------------------------
(Don: I was there yesterday!)
(Alex: Obviously, Don knows the place!)

Frederick's of Hollywood

HeidiDon
    $100 11
goldenrod

Pat
    $100 17
calories

Heidi
    $100 1
911

Pat
    $100 2
I Left My Heart in San Francisco

Don
    $200 4
United Auto Workers

Heidi
    $200 10
Inspector 12

Pat
    $200 12
zinnia

Pat
    $200 18
(Heidi: What is Monte Carlo...[*]?)
(Alex: You corrected yourself just in time.)

Monaco

Heidi
    $200 5
heartburn

Heidi
    $300 13
(William Henry) Harrison

Pat
    $300 20
Howard Hughes

Heidi
    $300 14
(Alex: The leaves turn red.)

green (or yellow)

Pat
    $300 19
frog

Pat
    $300 6
(Pat: Who is the Queen of Hearts?)

Jack/Knave of Hearts

HeidiPat
    $400 23
(Heidi: What is "Rally Round the Flag, Boys?")

The Yellow Rose of Texas

Heidi
Triple Stumper
    $400 21
(Heidi: What is a nightgown?)
(Alex: And we have a minute to go in the round.)

Merry Widow

Heidi
    $400 15
tulip

Heidi
    $400 25
(Don: What is a zeppelin?)
(Alex: Be more specific...)
--------------------------
[end-of-round signal sounds]

the Hindenburg

Don
    $400 7
(Heidi: What is "Heart of the South?")

"Heart of Dixie"

Heidi
Triple Stumper
    $500 24
Detroit

Heidi
    $500 22
(F.) Murray Abraham

Don
    $500 16
the reproductive/sexual organ

Pat
    $500 8
Heart of Glass

Triple Stumper

Scores at the first commercial break (after clue 12):

Heidi Don Pat
$400 $100 $300

Scores at the end of the Jeopardy! Round:

Heidi Don Pat
$1,100 $1,000 $1,700

Double Jeopardy! Round responses

ASTRONOMY
FAMOUS PARTNERS
RELIGION
OCTOBER
GOLDEN OLDIES
HAMLET
    $200 26
stars

Don
    $200 11
(Don: Who are the Three Stooges?)
(Heidi: Who is the Odd Couple?)

Abbott & Costello

HeidiDon
Triple Stumper
    $200 1
[Due to a mixup of who got to choose the next clue at one point in the Jeopardy! round, Pat chose first to start Double Jeopardy.]

the Christians

Pat
    $200 14
balloon

Don
    $200 12
a man

Don
    $200 5
United States

Pat
    $400 27
[end-of-round signal sounds]

the Earth

Triple Stumper
    $400 18
Captain Lou Albano

Triple Stumper
    $400 2
(Don: Who are the Amish?)

Jehovah's Witnesses

DonPat
    $400 22
Grenada

Heidi
    $400 13
fire

Heidi
    $400 7
David Carradine

Don
    $600 19
the Charles brothers

Pat
    $600 3
synagogue

Don
    $600 23
(Don: Who is Richard Nixon?)
(Alex: And we have a minute to go in this round.)

Spiro Agnew

Don
Triple Stumper
    $600 15
The Isley Brothers

Triple Stumper
    $600 8
Hamlet

Don
    $800 20
Miles Archer

Triple Stumper
    $600 4
(Alex: Celebrated on September 28th.)

Confucius

Don
    $800 24
Janis Joplin

Don
    $800 16
my mind

Triple Stumper
    $800 9
(Alex: Kronborg Castle.)

Elsinore

Don
    $500 21
Beane

Pat
    $1000 6
(Heidi: What is a bishopric?)
[Initially ruled incorrect; reversed before Final Jeopardy!]

diocese

Heidi
    $1000 25
(the launch of) Sputnik

Pat
    $1000 17
(Pat: What is "It's Now Or Never"?)

"Surrender"

Pat
Triple Stumper
    $1000 10
Tom Stoppard

Pat

Scores at the end of the Double Jeopardy! Round:

Heidi Don Pat
$2,700 $4,200 $4,600

[wagering suggestions for these scores]

Final Jeopardy! Round responses

STATE CAPITALS
HeidiWhat are Boston & Philly
$2,600
DonWhat are Boston & Providence
$4,100
PatWhat are Providence & Hartford
$3,000
Boston, MA & Providence, RI

Final scores:

Heidi Don Pat
$100 $8,300 $1,600
3rd place: Frigidaire Skinny Mini Laundry Center New champion: $8,300 2nd place: Panasonic Color TV & Olympus OM-25 Camera

Game dynamics:

Coryat scores:

Heidi Don Pat
$3,100 $4,400 $5,100
12 R,
4 W
(including 1 DD)
13 R
(including 1 DD),
4 W
15 R
(including 1 DD),
2 W

Combined Coryat: $12,600

The J! Archive is created by fans, for fans. The Jeopardy! game show and all elements thereof, including but not limited to copyright and trademark thereto, are the property of Jeopardy Productions, Inc. and are protected under law. This website is not affiliated with, sponsored by, or operated by Jeopardy Productions, Inc. Join the discussion at JBoard.tv.